| 000 | 00851nam a22002537a 4500 | ||
|---|---|---|---|
| 003 | DO-SdBNP | ||
| 005 | 20221104133139.0 | ||
| 007 | ta | ||
| 008 | 220511b2021 dr a|||| |||| 00| 0 spa d | ||
| 020 | _a9789945221701 | ||
| 040 |
_aDO-SdBNP _bspa _cBNPHU |
||
| 082 | 4 |
_222 _aD671g |
|
| 100 | 1 |
_aDomínguez, Mary _981583 |
|
| 245 | 1 |
_aGotas de vida : _bun devocional lleno de vivencias que bendecirán tu vida. / _cMary Domínguez |
|
| 260 |
_aSanto Domingo : _bBúho, _c2021. |
||
| 300 |
_a241 p. : _bil. ; _c22 cm. |
||
| 500 | _aIncluye datos biográficos de la autora en la contracubierta. | ||
| 590 | _aInventariado, 2022/BT | ||
| 650 | 4 |
_93783 _aLiteratura Cristiana _xMeditaciones |
|
| 650 | 4 |
_982219 _aReligión _xTestimonio de fe _zRepública Dominicana |
|
| 710 |
_980974 _aDiez Veces Mas Group _eed. |
||
| 910 | _aBtavárez | ||
| 942 |
_2ddc _cLBS1 |
||
| 999 |
_c51689 _d51689 |
||